Y Alba dejó de tener miedo / (Registro nro. 6929)
[ vista simple ]
| 000 -LEADER | |
|---|---|
| fixed length control field | 01126nam a22002777a 4500 |
| 003 - CONTROL NUMBER IDENTIFIER | |
| control field | OSt |
| 005 - DATE AND TIME OF LATEST TRANSACTION | |
| control field | 20201016111629.0 |
| 008 - FIXED-LENGTH DATA ELEMENTS--GENERAL INFORMATION | |
| fixed length control field | 201016s2002 sp a|||br|||| 00| 0 spa d |
| 020 ## - INTERNATIONAL STANDARD BOOK NUMBER | |
| International Standard Book Number | 8423663264 |
| 040 ## - CATALOGING SOURCE | |
| Original cataloging agency | CO-JMCR |
| Transcribing agency | CO-JMCR |
| 041 1# - LANGUAGE CODE | |
| Language code of text/sound track or separate title | spa |
| Language code of original | eng |
| 082 04 - DEWEY DECIMAL CLASSIFICATION NUMBER | |
| Classification number | C / |
| Item number | DELa |
| Edition number | 23 |
| 100 1# - MAIN ENTRY--PERSONAL NAME | |
| Personal name | Delgado, Josep-Francesc, |
| Relator term | autor |
| 9 (RLIN) | 11623 |
| 245 12 - TITLE STATEMENT | |
| Title | Y Alba dejó de tener miedo / |
| Statement of responsibility, etc. | Josep-Francesc Delgado ; ilustraciones, Mercé Aránega ; traducción, Elisenda Vergés |
| 260 ## - PUBLICATION, DISTRIBUTION, ETC. | |
| Place of publication, distribution, etc. | Barcelona : |
| Name of publisher, distributor, etc. | Edebé, |
| Date of publication, distribution, etc. | 2002. |
| 300 ## - PHYSICAL DESCRIPTION | |
| Extent | 118 páginas : |
| Other physical details | ilustraciones a color ; |
| Dimensions | 17 cm. |
| 490 ## - SERIES STATEMENT | |
| Series statement | Tucán ; |
| Volume/sequential designation | 169. |
| 520 0# - SUMMARY, ETC. | |
| Summary, etc. | Alba era una niña bastante feliz. Era feliz en la escuela. Y también era feliz con sus padres. Sin embargo, Alba estaba preocupada por una cosa. Y aquella cosa si que era preocupación gorda. El miedo... |
| 521 ## - TARGET AUDIENCE NOTE | |
| Target audience note | A partir de 6 años. |
| Source | Tapa posterior. |
| 650 24 - SUBJECT ADDED ENTRY--TOPICAL TERM | |
| Topical term or geographic name entry element | Monstruos |
| 9 (RLIN) | 11624 |
| 650 24 - SUBJECT ADDED ENTRY--TOPICAL TERM | |
| Topical term or geographic name entry element | Miedo a la oscuridad |
| 9 (RLIN) | 11625 |
| 700 1# - ADDED ENTRY--PERSONAL NAME | |
| Personal name | Aránega, Marcé, |
| Relator term | Ilustrador |
| 9 (RLIN) | 11626 |
| 700 1# - ADDED ENTRY--PERSONAL NAME | |
| Personal name | Vergés, Elisenda, |
| Relator term | traductora |
| 9 (RLIN) | 11627 |
| 942 ## - ADDED ENTRY ELEMENTS (KOHA) | |
| Source of classification or shelving scheme | Dewey Decimal Classification |
| Koha item type | Books |
| Withdrawn status | Lost status | Source of classification or shelving scheme | Damaged status | Not for loan | Home library | Current library | Shelving location | Date acquired | Source of acquisition | Total Checkouts | Full call number | Barcode | Date last seen | Date last checked out | Copy number | Price effective from | Koha item type |
|---|---|---|---|---|---|---|---|---|---|---|---|---|---|---|---|---|---|
| Dewey Decimal Classification | Biblioteca Pública José María del Castillo y Rada | Biblioteca Pública José María del Castillo y Rada | General Stacks | 10/02/2020 | Donación | 3 | C / DELa | 201810056 | 03/06/2025 | 02/11/2025 | Ej.1 | 10/02/2020 | Books |